000 00226nam a22000977a 4500
040 _cSY
082 _a634
100 _aLAM VAY; ឡាំ វ៉ៃ
245 _aAgroforestry, កសិរុក្ខកម្ម
942 _cAEDBB
999 _c9378
_d9378